00708nam a22001697a 450000500170000002000220001703500230003903700130006210000200007524500770009526000550017230000220022794200220024999900170027195201140028895201360040220180806172153.0 a817391284Xc00.00 aA-992074, A-992076 aDPLbENG aBorgohain, Bani aHuman rights social justice and political challenge /cby Bani Borgohain aNew DelhibKanishka Publishers, Distributorsc1999 av, 287p.c20 cms. 2ddccENh323mBOR c65808d65808 001040708NFICaZLSbZLSd2012-04-30g0.00l0o323 BORpA-992074r2012-04-30 00:00:00v0.00w2012-04-30yEN 001040708NFICaBL4bBL4d2018-08-06eBPPD/PUBg0.00l2o323 BORpA-992076r2023-01-27 00:00:00s2023-01-13v0.00w2018-08-06yEN